000 00262nam a22001217a 4500
008 171013b xxu||||| |||| 00| 0 eng d
041 _aeng
080 _a316
100 _a51
101 _aSOC
245 _aHUMAN COMMUNICATION
_cARANGUREN,J.L
942 _2udc
_cBK
999 _c33772
_d33772